[Event "13th Agzamov Memorial 2019"]
[Site "Tashkent"]
[Date "2019.03.18"]
[Round "9.11"]
[White "Vahidov, Tair"]
[Black "Korneev, Oleg"]
[Result "1-0"]
[WhiteElo "2408"]
[BlackElo "2559"]
[Annotator "TA"]
[PlyCount "59"]
[EventDate "2019.03.12"]
[EventType "swiss"]
[EventCountry "UZB"]
[SourceTitle "playchess.com"]
[Source "ChessBase"]
[SourceQuality "1"]

{[%evp 19,59,0,39,2,37,62,84,20,50,29,36,33,39,-40,-26,-18,0,0,0,0,91,86,278,279,277,270,270,271,367,360,375,362,447,429,701,704,712,712,704,705,736,724]} 1. d4 d5 2. c4 e6 3. Nc3 c6 4. e4 dxe4 5. Nxe4 Bb4+ 6. Bd2 Qxd4 7. Bxb4 Qxe4+ 8. Ne2 Na6 {[%cal Bb8a6,Ba6c5,Bc5d3][%mdl 32]} 9. Bf8 Ne7 10. Bxg7 {D31: Queen's Gambit Declined: Semi-Slav without ...Nf6 (+ Marshall Gambit and Noteboom) and Exchange Variation lines without ...Nf6} Rg8 {LiveBook: 47 Games} (10... Nb4 $5 {[%cal Rh8g8]} 11. Bxh8 e5 $11) 11. Bd4 $146 ({Much worse is} 11. Bf6 Qxc4 12. Nc3 Qf4 $11) ({Predecessor:} 11. Qd4 Qxd4 12. Bxd4 c5 13. Bf6 Rg6 14. Bc3 Nb4 15. Nf4 Rg5 16. h4 Rf5 17. Nd3 Nc2+ {1-0 (39) Timofeev,A (2665)-Frolyanov,D (2599) Taganrog 2011}) 11... e5 {[#] aiming for ...Nb4.} 12. f3 {White is slightly better.} Qg6 13. Bc3 (13. Bxe5 $16 {Hoping for Qd2.} Nb4 14. Nf4) 13... Nc5 14. Ng3 {Threatens to win with b4.} Bf5 $1 15. Qd2 f6 16. f4 (16. Nxf5 $14 Qxf5 17. Qe3) 16... Rd8 17. Qe3 Nd3+ 18. Bxd3 $1 Rxd3 19. Qxa7 exf4 (19... Rxg3 $11 20. hxg3 Qxg3+ 21. Qf2 Qd3) 20. Qb8+ $16 Rd8 $2 {[#]} (20... Kd7 $16 21. Qxf4 (21. Qxb7+ Ke6 $17) 21... Be6) 21. Qxf4 $18 Bd3 22. O-O-O (22. Qxf6 Qxf6 23. Bxf6 Bxc4 $14) 22... Qg5 23. Qxg5 fxg5 24. Rhe1 Kf7 25. Ba5 Rd7 26. Re3 {White is clearly winning.} Bf5 (26... Ra8 $142 27. Bb4 (27. Rdxd3 Rxd3 28. Rxd3 Rxa5 $16) 27... Rxa2) 27. Rf1 Kg6 28. Nxf5 Nxf5 29. Re6+ Kf7 30. Re5 {Precision: White = 65%, Black = 33%.} 1-0

[Event "13th Agzamov Memorial 2019"]
[Site "Tashkent"]
[Date "2019.03.18"]
[Round "9.12"]
[White "Papin, Vasily"]
[Black "Abdurakhmonov, Mukhammadali"]
[Result "1-0"]
[WhiteElo "2496"]
[BlackElo "2205"]
[Annotator "TA"]
[PlyCount "51"]
[EventDate "2019.03.12"]
[EventType "swiss"]
[EventCountry "UZB"]
[SourceTitle "playchess.com"]
[Source "ChessBase"]
[SourceQuality "1"]

{[%evp 9,51,16,38,33,40,42,51,51,57,36,41,36,37,39,42,53,45,37,60,29,76,62,74,55,118,81,68,64,247,241,233,245,449,429,352,0,383,278,433,299,297,286,785,777]} 1. c4 Nf6 2. g3 e6 3. Bg2 d5 4. Nf3 c6 5. b3 a5 6. Nc3 {A13: English Opening: 1...e6} d4 7. Na4 c5 8. e3 {White is slightly better.} Bd7 $146 ({Predecessor:} 8... Nc6 9. O-O Be7 10. Ba3 Nd7 11. exd4 cxd4 12. Bxe7 Qxe7 13. Re1 {0-1 (46) Damljanovic,B (2615)-Vera Gonzalez Quevedo,R (2516) Seville 2006}) 9. exd4 cxd4 10. O-O Bxa4 11. bxa4 Nc6 12. Rb1 Rb8 13. d3 Bd6 14. Bg5 h6 {[#]} 15. Bxf6 $1 gxf6 16. Rb5 f5 ({Better is} 16... b6 $1 $14) 17. Qb3 b6 18. Rb1 Bc7 $2 {[#]} (18... Bc5 $14) 19. c5 $1 $18 {[%cal Rc5b6]} bxc5 20. Nd2 Kd7 $2 (20... Nb4 21. Rxb8 (21. Rxc5 O-O $16) 21... Qxb8) 21. Qc4 Bb6 22. Qb3 Bc7 $1 23. Rb7 Rxb7 (23... Nb4 $142 24. Rxb8 Qxb8) 24. Qxb7 Nb4 25. a3 Na2 $2 (25... Qb8) 26. Qc6+ {Accuracy: White = 69%, Black = 29%.} 1-0